250 biggest US cities on a map - Statistics

General Stats
  • This quiz has been taken 949 times
  • The average score is 156 of 250
Answers on the Map
Answers color-coded by a green-red scale on the quiz's map according to % correct below.
 
Answer Stats
Population City State % Correct
8,097,282 New York City New York
96%
3,795,936 Los Angeles California
95%
759,915 Seattle Washington
95%
2,638,159 Chicago Illinois
94%
622,882 Portland Oregon
94%
2,319,119 Houston Texas
93%
460,289 Miami Florida
93%
788,478 San Francisco California
93%
514,465 Atlanta Georgia
92%
646,622 Boston Massachusetts
92%
716,234 Denver Colorado
92%
631,524 Detroit Michigan
92%
140,613 Jackson Mississippi
92%
665,640 Las Vegas Nevada
92%
1,533,828 Philadelphia Pennsylvania
92%
1,662,607 Phoenix Arizona
92%
1,388,996 San Diego California
92%
984,567 Austin Texas
91%
1,302,753 Dallas Texas
91%
687,150 Nashville Tennessee
91%
709,330 Oklahoma City Oklahoma
91%
876,665 Indianapolis Indiana
90%
997,164 Jacksonville Florida
90%
357,767 New Orleans Louisiana
90%
212,570 Salt Lake City Utah
90%
1,513,974 San Antonio Texas
90%
681,683 Washington D.C. District of Columbia
90%
511,532 Kansas City Missouri
89%
151,811 Kansas City Kansas
89%
423,250 Minneapolis Minnesota
89%
325,044 Orlando Florida
89%
235,216 Boise Idaho
88%
273,720 Buffalo New York
88%
915,427 Columbus Ohio
88%
200,167 Columbus Georgia
88%
678,859 El Paso Texas
88%
613,110 Memphis Tennessee
88%
408,510 Tampa Florida
88%
558,736 Albuquerque New Mexico
87%
559,266 Baltimore Maryland
87%
923,164 Charlotte North Carolina
87%
359,606 Cleveland Ohio
87%
339,558 Honolulu Hawaii
87%
303,413 Pittsburgh Pennsylvania
87%
526,669 Sacramento California
87%
956,433 San Jose California
87%
217,342 Baton Rouge Louisiana
86%
556,111 Milwaukee Wisconsin
86%
203,650 Tallahassee Florida
86%
311,595 Cincinnati Ohio
85%
996,756 Fort Worth Texas
85%
487,942 Raleigh North Carolina
85%
230,017 Richmond Virginia
85%
275,506 St. Louis Missouri
85%
491,441 Colorado Springs Colorado
84%
620,004 Louisville Kentucky
84%
278,226 Reno Nevada
84%
301,380 St. Paul Minnesota
84%
548,772 Tucson Arizona
84%
295,798 Lincoln Nebraska
83%
204,244 Little Rock Arkansas
83%
480,194 Omaha Nebraska
83%
190,807 Providence Rhode Island
83%
411,308 Tulsa Oklahoma
83%
254,032 Winston-Salem North Carolina
83%
284,469 Anchorage Alaska
82%
195,400 Birmingham Alabama
82%
209,232 Des Moines Iowa
82%
546,718 Fresno California
82%
282,005 Madison Wisconsin
82%
451,637 Virginia Beach Virginia
82%
170,525 Springfield Missouri
81%
153,136 Springfield Massachusetts
81%
435,024 Oakland California
80%
177,928 Salem Oregon
80%
229,527 Spokane Washington
80%
303,065 Newark New Jersey
79%
206,078 Rochester New York
79%
122,692 Rochester Minnesota
79%
395,484 Wichita Kansas
79%
416,081 Bakersfield California
78%
119,626 Hartford Connecticut
78%
156,868 Charleston South Carolina
77%
316,105 Corpus Christi Texas
77%
193,702 Montgomery Alabama
77%
210,734 Sioux Falls South Dakota
77%
144,489 Columbia South Carolina
76%
130,337 Columbia Missouri
76%
319,329 Lexington Kentucky
76%
513,567 Mesa Arizona
76%
181,253 Mobile Alabama
76%
338,463 Anaheim California
75%
399,825 Arlington Texas
75%
240,548 Arlington Virginia
75%
291,559 Jersey City New Jersey
75%
200,400 Knoxville Tennessee
75%
292,623 North Las Vegas Nevada
75%
263,646 Toledo Ohio
75%
195,908 Grand Rapids Michigan
74%
444,095 Long Beach California
74%
147,845 Savannah Georgia
74%
264,982 St. Petersburg Florida
74%
145,171 Syracuse New York
74%
397,811 Aurora Colorado
73%
176,679 Aurora Illinois
73%
271,865 Fort Wayne Indiana
73%
304,279 Greensboro North Carolina
73%
135,588 Fargo North Dakota
71%
125,154 Topeka Kansas
71%
200,512 Augusta Georgia
70%
300,100 Durham North Carolina
70%
343,382 Henderson Nevada
70%
228,616 Huntsville Alabama
70%
223,968 Tacoma Washington
70%
122,077 Billings Montana
69%
134,850 Dayton Ohio
69%
178,056 Eugene Oregon
69%
228,643 Norfolk Virginia
69%
188,219 Akron Ohio
68%
184,709 Fort Lauderdale Florida
68%
320,121 Riverside California
68%
310,304 Santa Ana California
68%
208,476 Worcester Massachusetts
68%
203,035 Amarillo Texas
67%
269,833 Lubbock Texas
67%
258,306 Laredo Texas
65%
245,231 Scottsdale Arizona
65%
188,850 Chattanooga Tennessee
64%
255,490 Glendale Arizona
64%
184,088 Glendale California
64%
224,274 San Bernardino California
64%
206,544 Yonkers New York
64%
174,996 Shreveport Louisiana
63%
191,209 Brownsville Texas
62%
316,691 Irvine California
62%
319,065 Stockton California
62%
148,131 Bridgeport Connecticut
61%
255,254 Chesapeake Virginia
61%
146,241 Waco Texas
61%
121,471 Lafayette Louisiana
60%
147,989 McAllen Texas
60%
137,173 New Haven Connecticut
60%
198,163 Vancouver Washington
60%
273,841 Chula Vista California
59%
291,450 Plano Texas
59%
281,107 Chandler Arizona
58%
153,927 Alexandria Virginia
57%
135,358 Cedar Rapids Iowa
57%
257,756 Port St. Lucie Florida
57%
124,597 Allentown Pennsylvania
56%
253,561 Irving Texas
56%
129,089 Athens Georgia
55%
234,132 Cape Coral Florida
55%
209,942 Fayetteville North Carolina
55%
224,800 Fremont California
55%
277,490 Gilbert Arizona
55%
182,141 Newport News Virginia
55%
145,165 Pasadena Texas
55%
131,926 Pasadena California
55%
170,507 Fort Collins Colorado
54%
156,337 Macon Georgia
54%
125,007 Wilmington North Carolina
54%
140,232 Midland Texas
53%
220,930 Hialeah Florida
52%
191,336 Tempe Arizona
52%
145,270 Rockford Illinois
51%
221,235 Santa Clarita California
51%
242,523 Garland Texas
50%
218,989 Modesto California
50%
150,520 Naperville Illinois
50%
196,874 Overland Park Kansas
50%
154,211 Hollywood Florida
49%
147,001 Gainesville Florida
48%
151,505 Bellevue Washington
47%
232,424 Frisco Texas
47%
150,568 Joliet Illinois
47%
201,001 Peoria Arizona
47%
136,480 Stamford Connecticut
46%
190,037 Huntington Beach California
45%
169,321 Murfreesboro Tennessee
45%
197,347 Oxnard California
45%
155,495 Paterson New Jersey
45%
131,886 Santa Clara California
45%
175,140 Santa Rosa California
45%
185,118 Clarksville Tennessee
43%
135,546 Elizabeth New Jersey
43%
126,337 West Palm Beach Florida
43%
130,251 Abilene Texas
42%
218,846 McKinney Texas
41%
130,674 Norman Oklahoma
41%
184,705 Ontario California
41%
132,635 West Valley City Utah
41%
181,754 Cary North Carolina
39%
164,096 Denton Texas
39%
161,612 Killeen Texas
39%
163,950 Lancaster California
39%
118,587 Nampa Idaho
39%
123,441 North Charleston South Carolina
39%
168,705 Oceanside California
39%
162,911 Surprise Arizona
39%
120,949 Broken Arrow Oklahoma
38%
155,865 Lakewood Colorado
38%
149,419 Olathe Kansas
38%
137,965 Orange California
38%
158,907 Palmdale California
38%
179,069 Elk Grove California
36%
132,306 Kent Washington
36%
126,665 College Station Texas
35%
204,093 Grand Prairie Texas
35%
139,920 Meridian Idaho
35%
158,211 Salinas California
35%
217,561 Fontana California
34%
137,037 Hampton Virginia
34%
120,263 Independence Missouri
34%
125,056 Lakeland Florida
34%
213,566 Moreno Valley California
34%
174,312 Rancho Cucamonga California
34%
135,832 Warren Michigan
34%
121,324 Concord California
33%
133,055 Sterling Heights Michigan
33%
122,342 Thousand Oaks California
33%
167,024 Garden Grove California
32%
145,834 Thornton Colorado
32%
147,158 Escondido California
31%
146,547 Mesquite Texas
31%
143,674 Pomona California
31%
161,161 Corona California
30%
137,911 Fullerton California
30%
171,134 Pembroke Pines Florida
30%
133,691 Round Rock Texas
30%
136,818 Torrance California
30%
139,586 Miramar Florida
29%
150,872 Sunnyvale California
29%
140,700 Palm Bay Florida
28%
162,674 Roseville California
28%
120,437 Arvada Colorado
27%
153,344 Hayward California
27%
146,073 Visalia California
27%
135,152 Coral Springs Florida
25%
121,778 Vallejo California
25%
140,279 Victorville California
24%
244,958 Enterprise Nevada
22%
128,316 Pearland Texas
21%
121,079 Fairfield California
20%
124,703 Simi Valley California
20%
132,706 Carrolton Texas
17%
127,511 Clovis California
17%
135,930 Lewisville Texas
15%
227,067 Spring Valley Nevada
15%
130,716 Lehigh Acres Florida
7%
No matching quizzes found
Score Distribution
Percent of People with Each Score
Percentile by Number Answered
Your Score History
You have not taken this quiz